|
|
|
|
| LEADER |
00723nam a2200229Ia 4500 |
| 008 |
240830s9999 xx 000 0 und d |
| 020 |
|
|
|a 978-99924-20-56-0
|
| 040 |
|
|
|a B-ESTELÍ- RUACS / 344.07684 C352
|
| 041 |
|
|
|a spa
|
| 082 |
|
|
|a 344.07684 C352
|
| 100 |
1 |
|
|a Castillo, Oscar
|
| 245 |
1 |
0 |
|a Derecho Universitario Nicaragüense : Teoría y marco jurídico general, conexos, concordancias y jurisprudencia.
|
| 260 |
|
|
|a Nicaragua
|b PAVSA
|c 2011
|
| 300 |
|
|
|a 454 p.:il
|
| 650 |
7 |
|
|a EDUCACIÓN SUPERIOR
|
| 650 |
7 |
|
|b LEGISLACION DE LAS UNIVERSIDADES
|
| 650 |
7 |
|
|c PRACTICA PARLAMENTARIA
|
| 650 |
7 |
|
|d DERECHOS ADMINISTRATIVOS
|
| 650 |
7 |
|
|e AUTONOMIA UNIVERSITARIA
|
| 942 |
|
|
|c BK
|2 ddc
|
| 991 |
|
|
|a TEXTO
|
| 999 |
|
|
|c 10806
|